000 01949cam a22005174i 4500
003 PE-LiUPU
005 20250731173418.0
008 150706s r 000 0 d
020 _a9780829759075
035 _a(Sirsi) i9780829759075
040 _aPE-LiUPU
_bspa
_cPE-LiUPU
_erda
049 _aPRUA
082 0 4 _a226.806
_bK38
_221
100 1 _aKeller, Timothy J.,
_d1960- ,
_eautor.
245 1 3 _aEl Dios pródigo :
_bguía de discusión. Encuentra tu lugar en la mesa /
_cTimothy Keller, Sam Shammas y Kathy Keller.
264 1 _aFlorida :
_bEditorial Vida,
_c2011.
300 _a86 páginas :
_bilustraciones ;
_c23 cm.
336 _atext
_2rdacontent
337 _aunmediated
_2rdamedia
338 _avolume
_2rdacarrier
504 _aIncluye referencia bibliográfica p. 67.
505 0 _aEl Dios pródigo -- Las personas alrededor de Jesús -- Los dos hijos perdidos -- El hermano mayor -- El verdadero hermano mayor -- El festín del padre -- Apuntes adicionales: idolatría.
526 _aSEG42
526 _aSEG41
526 _aSEG40
526 _aSEG39
526 _aP94
526 _aP87
526 _aP86
526 _aP85
526 _aP77
526 _aP76
526 _aP35
541 _g001-0000575;
650 0 4 _aHijo Pródigo (Parábola).
650 0 4 _aCristianismo.
700 1 _aShammas, Sam,
_eautor.
700 1 _aKeller, Kathy,
_eautor.
700 1 _aSwindoll-Ducasa, Erma Lovell,
_etr.
910 _agl
_cjck
_d20120607
942 _2ddc
_cBOOK
949 _a226.806 K38
_wDEWEY
_c1
_i64877
_lCCODEBUL1
_mBUL
_p8.00
_r0
_sY
_tBOOK
_u2015-7-6
_xTEOLOGIA
_PP35
_o.STAFF. Colección General
994 _aC0
_bPEPRU
596 _a1
999 _a226.806 K38
_wDEWEY
_c53582
_i64877
_d53582
_f2021-11-9
_g5
_lCCODEBUL1
_mBUL
_p8.00
_q2
_r0
_sY
_tBOOK
_u2015-7-6
_xTEOLOGIA
_PP35
_0COMPRA
_o.STAFF. Colección General
980 _81
_gALBERTO SANCHEZ Responsable de Automatización